| 000 | 00437nam a2200181Ia 4500 | ||
|---|---|---|---|
| 008 | 151018s9999 xx 000 0 und d | ||
| 082 |
_bRBASDV1854 _a823 |
||
| 100 | _aThrkell Angela | ||
| 245 | _aWild Strawbweeies | ||
| 250 | _b4 | ||
| 260 |
_bPenguin Books _c1937 |
||
| 300 | _a256 | ||
| 600 | _aThrkell Angela | ||
| 630 | _aWild Strawbweeies | ||
| 700 | _aThrkell Angela | ||
| 730 | _aWild Strawbweeies | ||
| 942 | _cBOOK | ||
| 999 |
_c1004279 _d1004276 |
||